| 000 | 01569nam a2200337 i 4500 | ||
|---|---|---|---|
| 001 | bg | ||
| 245 | 0 | 0 |
_aRecyrkulacja w budowie maszyn : _bVII ICMR'97 międzynarodowa konferencja naukowa, Bydgoszcz 12. / _c[oprac. red. Helena Ciara, Maciej Gryczka] ; Komitet Badań Naukowych w Warszawie, Wydział Mechaniczny. Akademia Techniczno-Rolnicza w Bydgoszczy _n6. _n997. |
| 246 | 1 | 4 | _aInternationale Conference on machinery recycling, 7 |
| 246 | 1 | 8 | _aRecyrkulacja'97 |
| 260 |
_aBydgoszcz : _bWydaw. OPO [Ośrodek Postępu Organizacyjnego], _c1997. |
||
| 300 |
_a344 s. : _bil. ; _c21 cm. |
||
| 490 | 1 |
_aIM Inżynieria Maszyn ; _v7 |
|
| 500 | _aTyt okł. : VII Internationale Conference on machinery recycling : materiały konferencyjne. - Tyt. grzbiet. : Recyrkulacja'97. - U góry okł. : Recyrkulacja - Problemy umaszynowienia środowiska. - Tekst częśc. ang., niem. - Streszcz. ang., niem., pol. przy ref. | ||
| 504 | _aBibliogr. przy mater. | ||
| 650 | 9 |
_aMaszyny _xmateriały |
|
| 650 | 9 | _aRecykling | |
| 650 | 9 |
_aŚrodowisko człowieka _xhigiena i ochrona |
|
| 655 | _aMateriały konferencyjne | ||
| 700 | 1 |
_aCIARA, Helena. _eRed. |
|
| 700 | 1 |
_aGRYCZKA, Maciej. _eRed. |
|
| 710 | 0 | _aKomitet Badań Naukowych (Warszawa) | |
| 710 | 0 |
_aAkademia Techniczno-Rolnicza (Bydgoszcz) _bWydział Mechaniczny |
|
| 830 | _aIM Inżynieria Maszyn ; | ||
| 020 | _a8386827688 | ||
| 040 | _cBPK | ||
| 041 | 0 |
_apolengger _benggerpol |
|
| 080 | _a628.4/.5:621.01:504.05](061) | ||
| 920 | _a83-86827-68-8 | ||
| 942 | _cKS | ||
| 008 | s pl f |000 0 pol | ||
| 999 |
_c45671 _d45671 |
||